| 000 | 00730nam a22002292 4500 | ||
|---|---|---|---|
| 001 | 0000012717 | ||
| 005 | 20151217152113.0 | ||
| 008 | 090316s xx 000 0 eng d | ||
| 020 | _a1423901303 : | ||
| 040 |
_aKABU _cKABU |
||
| 100 | 1 |
_aWhitman, Michael E. _@0000169622 |
|
| 245 | 1 | 0 |
_aManagement of information security / _cMichael E. Whitman, Herbert J. Mattord. |
| 250 | _a2nd ed. | ||
| 260 |
_aBoston : _bThomson, _c2008. |
||
| 300 | _axxiii, 576 p. | ||
| 650 | 0 |
_aComputer networks _xSecurity measures. _@0000148224 |
|
| 650 | 0 |
_aComputer security. _@0000148177 |
|
| 700 | 1 |
_aMattord, Herbert J. _@0000169623 |
|
| 852 | 1 | _9p3495 KES | |
| 908 | _a090316 | ||
| 950 | _@1 | ||
| 999 |
_c8291 _d8291 |
||